[Event "Mercredi 2023.04.05 ABCD"]
[Site "Montreal CAN"]
[Date "2023.04.05"]
[Round "1"]
[White "Rodrigue-Lemieux, Shawn"]
[Black "Tremblay, Alain"]
[Result "1-0"]
[WhiteElo "2540"]
[BlackElo "2103"]
[PlyCount "79"]
[EventDate "2023.04.05"]
[EventType "tourn"]
[EventRounds "5"]
[EventCountry "CAN"]

1. d4 d5 2. c4 c6 3. Nf3 Nf6 4. e3 a6 5. b3 Bf5 6. Bd3 Bxd3 7. Qxd3 e6 8. O-O
Nbd7 9. Nbd2 Be7 10. Bb2 O-O 11. Rfd1 c5 12. cxd5 Nxd5 13. Ne4 Rc8 14. dxc5
Nxc5 15. Qd4 Nf6 16. Qc4 Ncd7 17. Qd3 Qb6 18. Nfd2 Rfd8 19. Nc4 Qc6 20. Ncd6
Rb8 21. Rac1 Qd5 22. Qc2 Qa5 23. Bc3 Qh5 24. Ng3 Qg6 25. e4 Bxd6 26. Rxd6 Rdc8
27. Qd2 Nf8 28. f3 Rc7 29. Ba5 Rxc1+ 30. Qxc1 Nh5 31. Nf5 Qf6 32. g4 Qe5 33.
Ne7+ Kh8 34. Bc7 Nf4 35. Rd2 Qg5 36. Kh1 Re8 37. Rd1 Qxe7 38. Bxf4 Rd8 39. Be3
e5 40. Rd5 {time} 1-0

[Event "Mercredi 2023.04.05 ABCD"]
[Site "Montreal CAN"]
[Date "2023.04.12"]
[Round "2"]
[White "Batorshyn, Ilia		"]
[Black "Rodrigue-Lemieux, Shawn"]
[Result "0-1"]
[WhiteElo "2173"]
[BlackElo "2540"]
[PlyCount "112"]
[EventDate "2023.04.05"]
[EventType "tourn"]
[EventRounds "5"]
[EventCountry "CAN"]

1. d4 d5 2. Nf3 Nf6 3. c4 c6 4. e3 Bg4 5. Be2 e6 6. Nbd2 Nbd7 7. O-O Bd6 8. b3
Ne4 9. Nxe4 dxe4 10. Nd2 Bxe2 11. Qxe2 f5 12. Bb2 O-O 13. f3 Qh4 14. g3 exf3
15. Rxf3 Qg5 16. e4 Bb4 17. Rd1 Rad8 18. Nf1 Qh5 19. Rf2 Qg6 20. a3 Ba5 21.
exf5 exf5 22. Qc2 Rde8 23. Kh1 Bc7 24. d5 Nc5 25. Nd2 Qh5 26. Rg1 Rf7 27. b4
Ne4 28. Nxe4 fxe4 29. Qe2 Rf3 30. dxc6 bxc6 31. Bd4 a5 32. b5 cxb5 33. cxb5 Bd6
34. Re1 Rd8 35. Qxe4 Rxf2 36. Bxf2 Qxb5 37. a4 Qb3 38. Qe6+ Qxe6 39. Rxe6 Kf7
40. Re2 Bb4 41. Kg2 Rd3 42. Ra2 h5 43. Kf1 Ke6 44. Ke2 Rb3 45. Bd4 g5 46. Be3
Kf5 47. Bd2 Kg4 48. Kf2 Kf5 49. h3 h4 50. gxh4 gxh4 51. Kg2 Rg3+ 52. Kf1 Ke4
53. Bxb4 axb4 54. a5 Ra3 55. Rb2 b3 56. Ke2 Ra2 0-1

[Event "Mercredi 2023.04.05 ABCD"]
[Site "Montreal CAN"]
[Date "2023.04.19"]
[Round "3"]
[White "Rodrigue-Lemieux, Shawn"]
[Black "Voskanyan, Vahagn"]
[Result "1-0"]
[WhiteElo "2540"]
[BlackElo "2127"]
[PlyCount "61"]
[EventDate "2023.04.05"]
[EventType "tourn"]
[EventRounds "5"]
[EventCountry "CAN"]

1. e4 d5 2. exd5 Nf6 3. d4 Nxd5 4. Nf3 g6 5. g3 Bg7 6. Bg2 Nc6 7. h3 Nb6 8. c3
O-O 9. O-O e5 10. Bg5 Qd6 11. Nxe5 Nxe5 12. Bf4 g5 13. Bxe5 Bxe5 14. dxe5 Qxe5
15. Re1 Qg7 16. Nd2 c6 17. Ne4 Be6 18. Nc5 Bd5 19. Nxb7 Bxg2 20. Kxg2 Rab8 21.
Nc5 Rfd8 22. Qf3 Nd5 23. c4 Nb4 24. Re7 Rd6 25. Rae1 h6 26. Re8+ Rxe8 27. Rxe8+
Kh7 28. Qb3 Rd2 29. Qxb4 Qd4 30. Ne4 Rxb2 31. Qe7 1-0

[Event "Mercredi 2023.04.05 ABCD"]
[Site "Montreal CAN"]
[Date "2023.04.26"]
[Round "4"]
[White "Genzling, Jerome"]
[Black "Rodrigue-Lemieux, Shawn"]
[Result "0-1"]
[WhiteElo "2147"]
[BlackElo "2540"]
[PlyCount "94"]
[EventDate "2023.04.05"]
[EventType "tourn"]
[EventRounds "5"]
[EventCountry "CAN"]

1. e4 c6 2. d4 d5 3. exd5 cxd5 4. Bd3 Nc6 5. c3 Qc7 6. h3 g6 7. Ne2 Bf5 8. Bf4
Qb6 9. Bxf5 gxf5 10. Qb3 Qxb3 11. axb3 Nf6 12. Nd2 Rg8 13. O-O e6 14. b4 Ne4
15. Nxe4 fxe4 16. b5 Ne7 17. Ra4 Nc8 18. Rfa1 Kd7 19. b3 Bd6 20. c4 dxc4 21.
bxc4 Bxf4 22. Nxf4 Nd6 23. Rxa7 Rxa7 24. Rxa7 Rb8 25. Ra4 Rc8 26. c5 Nxb5 27.
Nh5 Kc6 28. Nf6 h6 29. Ng4 f5 30. Nxh6 Rc7 31. g4 Rh7 32. g5 Rg7 33. h4 Kd5 34.
Ra8 Nxd4 35. Kg2 Nf3 36. Kg3 Ke5 37. Rg8 f4+ 38. Kg4 Rxg8 39. Nxg8 Nh2+ 40. Kh3
e3 41. fxe3 fxe3 42. Kg2 Kd4 43. Nf6 e2 44. g6 e1=Q 45. g7 Qe2+ 46. Kh3 Nf1 47.
g8=Q Qf3+ 0-1

[Event "Mercredi 2023.04.05 ABCD"]
[Site "Montreal CAN"]
[Date "2023.05.03"]
[Round "5"]
[White "Rodrigue-Lemieux, Shawn"]
[Black "Latorre, Vincent"]
[Result "1-0"]
[WhiteElo "2540"]
[BlackElo "2244"]
[PlyCount "57"]
[EventDate "2023.04.05"]
[EventType "tourn"]
[EventRounds "5"]
[EventCountry "CAN"]

1. d4 Nf6 2. c4 e6 3. Nc3 Bb4 4. e3 O-O 5. a3 Bxc3+ 6. bxc3 d6 7. Ne2 c5 8. Ng3
b6 9. Ra2 Nc6 10. e4 e5 11. d5 Ne7 12. Bd3 Ne8 13. O-O f5 14. f4 fxe4 15. Nxe4
Bf5 16. fxe5 dxe5 17. Raf2 g6 18. g4 Qd7 19. gxf5 gxf5 20. Bh6 Rf7 21. Qg4+ Kh8
22. Ng5 Rf6 23. Bxf5 Nxf5 24. Rxf5 Nd6 25. Bg7+ Kxg7 26. Ne6+ Kh8 27. Rxf6 Rg8
28. Qxg8+ Kxg8 29. Rf8# 1-0

[Event "Choc des generations"]
[Site "Montreal CAN"]
[Date "2023.03.31"]
[Round "1.1"]
[White "Sai Krishna, GV."]
[Black "Rodrigue-Lemieux, Shawn"]
[Result "0-1"]
[WhiteElo "2385"]
[BlackElo "2456"]
[PlyCount "136"]
[EventDate "2023.03.31"]
[EventType "schev"]
[EventRounds "5"]
[EventCountry "CAN"]

1. e4 c6 2. d4 d5 3. Nc3 dxe4 4. Nxe4 Nf6 5. Nxf6+ exf6 6. c3 Bf5 7. Ne2 Bd6 8.
Ng3 Be6 9. Bd3 O-O 10. O-O g6 11. Ne4 Be7 12. Bh6 Re8 13. f4 f5 14. Ng5 Bxg5
15. Bxg5 Qd6 16. g4 Qd5 17. Qc2 Nd7 18. Rf2 f6 19. Bh4 Kg7 20. Raf1 Rad8 21. b4
a5 22. bxa5 Ra8 23. Qb2 Rxa5 24. c4 Qd6 25. g5 Rea8 26. c5 Qd5 27. gxf6+ Kf7
28. Bb1 Rb5 29. Qc3 Ra4 30. Bd3 Rba5 31. Bc2 Qxd4 32. Qe1 Ra3 33. Qb1 Rb5 34.
Qd1 Qxd1 35. Rxd1 Bd5 36. Bb3 Rxc5 37. Rfd2 Nxf6 38. Bxf6 Kxf6 39. Bxd5 Rxd5
40. Rxd5 cxd5 41. Rxd5 Rxa2 42. Rd6+ Kg7 43. Rb6 Ra4 44. Rxb7+ Kh6 45. Kg2 Rxf4
46. Kh3 Rf3+ 47. Kg2 Rf4 48. Kh3 Ra4 49. Kg3 g5 50. Rb5 Kg6 51. Kh3 h6 52. Kg3
Ra3+ 53. Kg2 g4 54. Rb8 Kg5 55. Rg8+ Kf4 56. Rb8 Ra2+ 57. Kg1 h5 58. Rb4+ Kg5
59. Rb3 h4 60. Rc3 Ra1+ 61. Kf2 h3 62. Rc2 Rh1 63. Ke3 g3 64. hxg3 h2 65. Re2
Kg4 66. Kf2 Ra1 67. Re7 h1=Q 68. Re4+ fxe4 0-1

[Event "Choc des generations"]
[Site "Montreal CAN"]
[Date "2023.04.01"]
[Round "3.5"]
[White "Sambuev, Bator"]
[Black "Rodrigue-Lemieux, Shawn"]
[Result "1/2-1/2"]
[WhiteElo "2434"]
[BlackElo "2456"]
[PlyCount "147"]
[EventDate "2023.03.31"]
[EventType "schev"]
[EventRounds "5"]
[EventCountry "CAN"]

1. c4 Nf6 2. Nc3 c5 3. Nf3 Nc6 4. e3 a6 5. Be2 d5 6. cxd5 Nxd5 7. Qc2 e6 8. b3
Be7 9. Bb2 O-O 10. Rc1 Bd7 11. O-O Rc8 12. Qb1 Nxc3 13. Bxc3 Nb4 14. Ne5 Nd5
15. Bb2 Bb5 16. Bxb5 axb5 17. a3 Qa5 18. Rfd1 Rfd8 19. Qe4 Qa6 20. g4 Qd6 21.
f4 Bf6 22. g5 Bxe5 23. Bxe5 Qc6 24. Bb2 Rd7 25. d3 Qd6 26. Kf2 Ne7 27. Qe5 Qxe5
28. Bxe5 b6 29. Bb2 Nc6 30. b4 cxb4 31. axb4 Rdc7 32. Ba3 f6 33. gxf6 gxf6 34.
Rd2 Ne7 35. Rxc7 Rxc7 36. e4 Kf7 37. Bb2 Rd7 38. Ke3 Nc6 39. Bc3 Ra7 40. Rc2
Ra4 41. Bd2 Nxb4 42. Rc7+ Ke8 43. Bxb4 Rxb4 44. Rxh7 Rb2 45. h4 b4 46. Rb7 Rh2
47. Rxb6 Ke7 48. Rb7+ Ke8 49. Rxb4 Rh3+ 50. Kf2 Rxh4 51. Kg3 Rh1 52. f5 exf5
53. exf5 Rg1+ 54. Kf3 Rf1+ 55. Ke4 Re1+ 56. Kd5 Re5+ 57. Kd6 Rxf5 58. d4 Ra5
59. Rb8+ Kf7 60. Rb7+ Kg6 61. d5 f5 62. Ke6 f4 63. d6 Kg5 64. Rf7 Kg4 65. Rf8
Ra6 66. Ke5 Ra5+ 67. Ke4 Ra4+ 68. Kd5 Ra5+ 69. Kc6 Ra6+ 70. Kc5 Ra5+ 71. Kb6
Rd5 72. Kc6 Rd1 73. d7 f3 74. d8=Q 1/2-1/2

[Event "Choc des generations"]
[Site "Montreal CAN"]
[Date "2023.04.02"]
[Round "4.2"]
[White "Rodrigue-Lemieux, Shawn"]
[Black "Lawson, Eric"]
[Result "1-0"]
[WhiteElo "2456"]
[BlackElo "2350"]
[PlyCount "147"]
[EventDate "2023.03.31"]
[EventType "schev"]
[EventRounds "5"]
[EventCountry "CAN"]

1. e4 c5 2. Nf3 d6 3. Bb5+ Nd7 4. Ba4 Ngf6 5. O-O a6 6. c4 e5 7. Nc3 Be7 8. d3
O-O 9. a3 Nb8 10. b4 Bg4 11. h3 Bxf3 12. Qxf3 Nc6 13. Bxc6 bxc6 14. bxc5 dxc5
15. Qe2 Ne8 16. Be3 Nc7 17. Rab1 Ne6 18. Rb3 Bg5 19. Rfb1 Qd6 20. Na4 h6 21.
Rb6 Bxe3 22. fxe3 Rfb8 23. Qd2 Rxb6 24. Rxb6 Rd8 25. Nb2 Qc7 26. Na4 Qd6 27.
Rb3 Rb8 28. Qb2 Rxb3 29. Qxb3 Qd8 30. Qc3 Qg5 31. Qd2 h5 32. Nc3 Qd8 33. Kf2
Kf8 34. Ke2 Qb8 35. Qc2 Ke7 36. Kd2 Kd6 37. Kc1 Qb6 38. Qd1 g6 39. Na4 Qb8 40.
Kc2 Qd8 41. Nc3 Qa5 42. Qc1 Qb6 43. Qf1 Ke7 44. Qe1 Kd6 45. Qf2 Qb7 46. Ne2 Qe7
47. Nc1 Qg5 48. Ne2 h4 49. Kd2 f5 50. exf5 gxf5 51. g3 hxg3 52. Nxg3 Ng7 53.
Qf3 Kd7 54. Ke2 Qg6 55. h4 Qf6 56. Nh5 Nxh5 57. Qxh5 Ke6 58. Kf3 Qg7 59. Qe8+
Kd6 60. Qb8+ Ke6 61. Qc8+ Kd6 62. Qxf5 Qg1 63. Qf6+ Kd7 64. Qxe5 Qf1+ 65. Kg4
Qe2+ 66. Kg5 Qg2+ 67. Kf6 Qh1 68. Qe7+ Kc8 69. Qe4 Qa1+ 70. d4 Qxa3 71. Qxc6+
Kb8 72. Qxc5 Qxc5 73. dxc5 a5 74. h5 1-0

[Event "Choc des generations"]
[Site "Montreal CAN"]
[Date "2023.04.02"]
[Round "5.4"]
[White "Rodrigue-Lemieux, Shawn"]
[Black "Bolduc, Steve"]
[Result "1-0"]
[WhiteElo "2456"]
[BlackElo "2145"]
[PlyCount "81"]
[EventDate "2023.03.31"]
[EventType "schev"]
[EventRounds "5"]
[EventCountry "CAN"]

1. a3 g6 2. d4 Nf6 3. Nf3 Bg7 4. e3 d6 5. Be2 O-O 6. O-O b6 7. c4 Bb7 8. Nc3
Nbd7 9. Qc2 e5 10. b4 exd4 11. Nxd4 Re8 12. Bb2 Ne4 13. Rad1 Nxc3 14. Bxc3 Ne5
15. e4 Qh4 16. f3 Bh6 17. Be1 Be3+ 18. Kh1 Qh6 19. Bg3 Bf4 20. Bxf4 Qxf4 21.
Nb5 Re7 22. c5 dxc5 23. bxc5 Qe3 24. cxb6 axb6 25. Rfe1 Qf2 26. Rf1 Qe3 27.
Rfe1 Qf2 28. Qc1 Rae8 29. Rd2 h5 30. Rc2 Qh4 31. g3 Qh3 32. Bf1 Nxf3 33. Bxh3
Nxe1 34. Rxc7 Nd3 35. Qc4 Nf2+ 36. Kg2 Nxe4 37. Rxb7 Rxb7 38. Nc7 Nd6 39. Qc6
Re2+ 40. Kf1 Rd2 41. Nd5 1-0

[Event "Aurora Spring op"]
[Site "Newmarket CAN"]
[Date "2023.03.25"]
[Round "1"]
[White "Mao, Fengxi"]
[Black "Rodrigue-Lemieux, Shawn"]
[Result "1-0"]
[WhiteElo "1987"]
[BlackElo "2456"]
[PlyCount "113"]
[EventDate "2023.03.25"]
[EventType "swiss"]
[EventRounds "5"]
[EventCountry "CAN"]

1. a3 c5 2. b4 cxb4 3. axb4 d5 4. Nf3 Nf6 5. e3 Bg4 6. c4 dxc4 7. Bxc4 e6 8.
Qa4+ Nbd7 9. Ne5 Qc7 10. Bb2 Rc8 11. Na3 a6 12. Nxg4 Nxg4 13. Be2 Ngf6 14. Rc1
Qd8 15. Rxc8 Qxc8 16. O-O b5 17. Qa5 Nd5 18. Rc1 Qb7 19. Bf3 Bd6 20. Bxg7 Rg8
21. Bxd5 exd5 22. Bd4 Ne5 23. Bxe5 Bxe5 24. d4 Bd6 25. Nc2 Ke7 26. Ne1 Rc8 27.
Ra1 Rc3 28. g3 Rb3 29. Nf3 Bxb4 30. Qxa6 Qxa6 31. Rxa6 Rb1+ 32. Kg2 f6 33. Ra7+
Ke6 34. Rxh7 Bc3 35. Ng1 b4 36. Ne2 Ba1 37. Rb7 b3 38. Nf4+ Kd6 39. Nd3 Kc6 40.
Rb8 Kc7 41. Rb5 Kc6 42. Rb8 Kc7 43. Rb4 Bc3 44. Rb5 b2 45. Rb3 Kd6 46. Nxb2
Bxb2 47. h4 Ke6 48. Kf3 Kf5 49. Rb5 Kg6 50. Kg4 Kh6 51. Rb6 Kg6 52. Kf4 Kf7 53.
Kf5 Kg7 54. Rb7+ Kf8 55. h5 Kg8 56. Kg6 Kf8 57. h6 1-0

[Event "Aurora Spring op"]
[Site "Newmarket CAN"]
[Date "2023.03.25"]
[Round "3"]
[White "Huang, Youhe"]
[Black "Rodrigue-Lemieux, Shawn"]
[Result "0-1"]
[WhiteElo "2070"]
[BlackElo "2456"]
[PlyCount "96"]
[EventDate "2023.03.25"]
[EventType "swiss"]
[EventRounds "5"]
[EventCountry "CAN"]

1. b3 Nf6 2. Bb2 g6 3. c4 Bg7 4. Nf3 O-O 5. e3 c5 6. Be2 Nc6 7. O-O d5 8. cxd5
Qxd5 9. d3 b6 10. Nbd2 Rd8 11. a3 e5 12. Qc2 Bb7 13. Rfd1 Rac8 14. Rac1 Qe6 15.
Qb1 Nd5 16. Bf1 h6 17. h3 g5 18. Qa1 Nde7 19. Bc3 Nd5 20. Bb2 Nde7 21. Bc3 Ba6
22. Qb1 Nd5 23. Bb2 Qe7 24. Nc4 Bb7 25. Qa1 Re8 26. Rc2 Rcd8 27. Be2 f5 28. Nh2
Qf7 29. Nf1 Re7 30. Ng3 Bc8 31. Rf1 Qe8 32. Bh5 Qf8 33. Bf3 Qf7 34. b4 cxb4 35.
Nxb6 Nxb6 36. Bxc6 b3 37. Rc5 Rxd3 38. Bxe5 Rxe5 39. Rxe5 Nc4 40. Bb5 Nxe5 41.
Qb1 Rd8 42. f4 gxf4 43. Rxf4 Qd5 44. Rd4 Nf3+ 45. gxf3 Bxd4 46. Qf1 Bxe3+ 47.
Kh2 Be6 48. Nh5 Qd2+ 0-1

[Event "Aurora Spring op"]
[Site "Newmarket CAN"]
[Date "2023.03.26"]
[Round "5"]
[White "Xu, Daniel"]
[Black "Rodrigue-Lemieux, Shawn"]
[Result "1-0"]
[WhiteElo "2228"]
[BlackElo "2456"]
[PlyCount "59"]
[EventDate "2023.03.25"]
[EventType "swiss"]
[EventRounds "5"]
[EventCountry "CAN"]

1. e4 c6 2. d4 d5 3. exd5 cxd5 4. c4 Nf6 5. Nc3 Nc6 6. Bg5 dxc4 7. Bxc4 h6 8.
Bh4 e6 9. Nf3 Be7 10. O-O O-O 11. Re1 Nh5 12. Bxe7 Nxe7 13. Qe2 a6 14. Ne5 Nf6
15. Rad1 b5 16. Bb3 Bb7 17. a3 Rc8 18. Bc2 Ned5 19. Nxd5 Qxd5 20. f3 Rc7 21.
Qd3 Rfc8 22. Bb1 a5 23. h3 Kf8 24. Ng4 Nd7 25. Qh7 Qg5 26. h4 Qf4 27. d5 Bxd5
28. Rxd5 Rc1 29. Rdd1 f5 30. Qh8+ 1-0

[Event "RA March op"]
[Site "Ottawa CAN"]
[Date "2023.03.03"]
[Round "1.1"]
[White "Wang, Derek"]
[Black "Rodrigue-Lemieux, Shawn"]
[Result "0-1"]
[WhiteElo "2035"]
[BlackElo "2520"]
[PlyCount "56"]
[EventDate "2023.03.03"]
[EventType "swiss"]
[EventRounds "5"]
[EventCountry "CAN"]

1. Nf3 d5 2. c4 e6 3. d4 Nf6 4. Nc3 Bb4 5. Bg5 h6 6. Bxf6 Qxf6 7. e3 O-O 8. a3
Bxc3+ 9. bxc3 c5 10. Be2 Nc6 11. O-O Rd8 12. Qc2 dxc4 13. Bxc4 e5 14. Bb5 cxd4
15. cxd4 exd4 16. Bxc6 d3 17. Qb3 bxc6 18. Qa4 c5 19. Rfd1 Be6 20. Rac1 c4 21.
Nd4 Rxd4 22. exd4 Qxd4 23. Qb4 Bd5 24. Rd2 Re8 25. h3 Re6 26. Qc3 Re1+ 27. Kh2
Qf4+ 28. g3 Qf3 0-1

[Event "RA March op"]
[Site "Ottawa CAN"]
[Date "2023.03.04"]
[Round "2.1"]
[White "Rodrigue-Lemieux, Shawn"]
[Black "Han, Johnathan"]
[Result "1-0"]
[WhiteElo "2520"]
[BlackElo "2266"]
[PlyCount "57"]
[EventDate "2023.03.03"]
[EventType "swiss"]
[EventRounds "5"]
[EventCountry "CAN"]

1. e4 c5 2. Nf3 d6 3. Bb5+ Nd7 4. Ba4 Ngf6 5. O-O a6 6. c4 Nxe4 7. Re1 Nef6 8.
d4 cxd4 9. Nxd4 g6 10. Nc6 Qc7 11. Nxe7 Bxe7 12. Bg5 b5 13. cxb5 Qc5 14. Bxf6
Nxf6 15. Qf3 Nd5 16. Nc3 Be6 17. b6+ Kd8 18. Bb3 Nxb6 19. Na4 Qa5 20. Qb7 Nxa4
21. Qxa8+ Bc8 22. Qe4 Bf6 23. Bxa4 Be5 24. Rad1 f6 25. f4 Qb6+ 26. Kh1 Bb7 27.
Qe2 Bd4 28. b4 d5 29. Rc1 1-0

[Event "RA March op"]
[Site "Ottawa CAN"]
[Date "2023.03.04"]
[Round "3.1"]
[White "Sowa, Ryan"]
[Black "Rodrigue-Lemieux, Shawn"]
[Result "0-1"]
[WhiteElo "2337"]
[BlackElo "2520"]
[PlyCount "74"]
[EventDate "2023.03.03"]
[EventType "swiss"]
[EventRounds "5"]
[EventCountry "CAN"]

1. e4 c6 2. d4 d5 3. e5 Bf5 4. Nf3 e6 5. Be2 Ne7 6. O-O c5 7. c4 Nbc6 8. dxc5
d4 9. Qa4 Ng6 10. b4 a5 11. b5 Ncxe5 12. Ba3 Be7 13. Rd1 d3 14. Nxe5 Nxe5 15.
b6+ Kf8 16. Bf3 Nxf3+ 17. gxf3 h5 18. Nd2 Rh6 19. c6 Qxb6 20. Bxe7+ Kxe7 21.
Qa3+ Ke8 22. cxb7 Rg6+ 23. Kh1 Qxb7 24. Qc5 Qa7 25. Qc6+ Kf8 26. c5 Rd8 27. Rg1
Qb8 28. Rxg6 Bxg6 29. Rb1 Qf4 30. Qb6 Rc8 31. Qxa5 Kg8 32. Qc3 h4 33. Rb4 Qg5
34. Rg4 Rxc5 35. Qb4 Rc1+ 36. Kg2 h3+ 37. Kg3 Rg1+ 0-1

[Event "RA March op"]
[Site "Ottawa CAN"]
[Date "2023.03.05"]
[Round "4.1"]
[White "Rodrigue-Lemieux, Shawn"]
[Black "Sambuev, Bator"]
[Result "1-0"]
[WhiteElo "2528"]
[BlackElo "2483"]
[PlyCount "131"]
[EventDate "2023.03.03"]
[EventType "swiss"]
[EventRounds "5"]
[EventCountry "CAN"]

1. e4 e5 2. Nf3 d6 3. d4 exd4 4. Nxd4 Nf6 5. Nc3 Be7 6. Bf4 O-O 7. Qd2 c6 8.
Be2 Re8 9. O-O-O Bf8 10. Bf3 Ng4 11. Bxg4 Bxg4 12. f3 Be6 13. Nxe6 Rxe6 14. Ne2
Na6 15. Nd4 Re8 16. Nb3 Re6 17. Nd4 Re8 18. Nb3 Re6 19. Kb1 Qb6 20. Nd4 Ree8
21. Nf5 d5 22. Bd6 Bxd6 23. Nxd6 Re6 24. Nf5 Rae8 25. exd5 cxd5 26. Qc3 f6 27.
Rxd5 g6 28. Ng3 Rc6 29. Qd4 Nb4 30. Qxb6 axb6 31. Rd2 f5 32. c3 Na6 33. Ne2 Nc7
34. Nd4 Rc5 35. Rhd1 Re7 36. Kc2 Kf7 37. Nb3 Rc6 38. Rd7 Ke8 39. Rxe7+ Kxe7 40.
Rd4 g5 41. Kd2 Rf6 42. Rc4 Kd7 43. Nd4 Rd6 44. Ke2 Rf6 45. a4 Nd5 46. Nb5 Nf4+
47. Kf1 Ne6 48. Nd4 Nf4 49. Rb4 g4 50. Rb5 Nd3 51. Rd5+ Rd6 52. Rxf5 Nxb2 53.
Rf7+ Ke8 54. Rxh7 gxf3 55. Nxf3 Nxa4 56. g4 Nxc3 57. g5 b5 58. Rxb7 Kd8 59. Ne5
Kc8 60. Rf7 Rd1+ 61. Kg2 Rd2+ 62. Kf3 Rd8 63. g6 b4 64. g7 Nd5 65. Rf8 Ne7 66.
Rxd8+ 1-0

[Event "RA March op"]
[Site "Ottawa CAN"]
[Date "2023.03.05"]
[Round "5.2"]
[White "Gao, Raymond"]
[Black "Rodrigue-Lemieux, Shawn"]
[Result "0-1"]
[WhiteElo "2111"]
[BlackElo "2520"]
[PlyCount "114"]
[EventDate "2023.03.03"]
[EventType "swiss"]
[EventRounds "5"]
[EventCountry "CAN"]

1. e4 c6 2. Nf3 d5 3. exd5 cxd5 4. Ne5 Nc6 5. d4 a6 6. c3 Nxe5 7. dxe5 Bf5 8.
Bd3 Bxd3 9. Qxd3 e6 10. O-O Ne7 11. Nd2 Nc6 12. Nf3 Be7 13. Re1 O-O 14. Nd4 Qc7
15. Bf4 Rfc8 16. Re2 b5 17. a3 Rab8 18. Bg3 Nxd4 19. Qxd4 a5 20. Rc1 b4 21.
axb4 axb4 22. h3 Qa5 23. Rec2 b3 24. Re2 Rc4 25. Qd3 Bg5 26. Rb1 Qc5 27. Rd1 h5
28. Kh1 Ra8 29. f3 Ra2 30. Bf2 Qa5 31. Rb1 h4 32. Be3 Bxe3 33. Rxe3 Qb6 34.
Ree1 Qf2 35. Re2 Qc5 36. Qd1 Qb5 37. Qd3 Raa4 38. Re4 Qc5 39. Re2 Qb6 40. Re3
Qa6 41. Ree1 Ra2 42. Qd1 Qb7 43. Qd3 Raa4 44. Re3 Ra5 45. Re2 Qc7 46. Qd1 Qb8
47. Qd3 Ra7 48. Re3 Raa4 49. Rd1 Qd8 50. Rde1 Qg5 51. Qd1 d4 52. cxd4 Rc2 53.
R3e2 Rac4 54. Rg1 Rxd4 55. Rxc2 Rxd1 56. Rc8+ Rd8 57. f4 Qe7 0-1

[Event "Mercredi 2023.02.22 ABCD"]
[Site "Montreal CAN"]
[Date "2023.03.07"]
[Round "1"]
[White "Latorre, Vincent"]
[Black "Rodrigue-Lemieux, Shawn"]
[Result "0-1"]
[WhiteElo "2274"]
[BlackElo "2530"]
[PlyCount "56"]
[EventDate "2023.02.22"]
[EventType "tourn"]
[EventRounds "5"]
[EventCountry "CAN"]

1. e4 e5 2. Nf3 Nc6 3. Bc4 Nf6 4. d3 h6 5. c3 d6 6. a4 g6 7. a5 a6 8. Qb3 Qe7
9. O-O Bg7 10. Re1 O-O 11. Nbd2 Kh7 12. d4 Nh5 13. dxe5 Nxe5 14. Nxe5 dxe5 15.
Nf1 Nf4 16. Ne3 c6 17. Qc2 h5 18. b3 Rd8 19. Ba3 Qf6 20. Rad1 Be6 21. Bxe6 Qxe6
22. Nc4 h4 23. h3 Bf6 24. Bd6 Rh8 25. Rd2 Kg7 26. Red1 Rh5 27. Ne3 Rg5 28. Kh2
Rxg2+ 0-1

[Event "Mercredi 2023.02.22 ABCD"]
[Site "Montreal CAN"]
[Date "2023.03.01"]
[Round "2"]
[White "Adam, Rafael"]
[Black "Rodrigue-Lemieux, Shawn"]
[Result "0-1"]
[WhiteElo "2530"]
[BlackElo "2189"]
[PlyCount "80"]
[EventDate "2023.02.22"]
[EventType "tourn"]
[EventRounds "5"]
[EventCountry "CAN"]

1. Nf3 d5 2. g3 Nd7 3. d4 Nb6 4. Bg2 Nf6 5. O-O Bf5 6. Ne5 c6 7. c4 e6 8. Nc3
Be7 9. cxd5 exd5 10. f3 O-O 11. e4 Be6 12. Be3 Rc8 13. Na4 Nxa4 14. Qxa4 Qb6
15. b4 Rfd8 16. Kh1 Qb5 17. Qxb5 cxb5 18. a4 bxa4 19. Rxa4 a6 20. b5 axb5 21.
Ra7 Rc3 22. Bf2 Rb8 23. Ra5 Rb3 24. Rfa1 h5 25. h3 Kh7 26. Kh2 Rc8 27. R1a2 Bd6
28. exd5 Bxd5 29. f4 Rc7 30. Bg1 Bxg2 31. Rxg2 Nd5 32. Rf2 f6 33. Nf3 Rcc3 34.
Nd2 h4 35. gxh4 Bxf4+ 36. Kg2 Bxd2 37. Rxd2 Nf4+ 38. Kh1 Rxh3+ 39. Rh2 Rxh2+
40. Bxh2 Rb1+ 0-1

[Event "Mercredi 2023.02.22 ABCD"]
[Site "Montreal CAN"]
[Date "2023.03.08"]
[Round "3"]
[White "Rodrigue-Lemieux, Shawn"]
[Black "Cardin, Guillaume"]
[Result "1-0"]
[WhiteElo "2530"]
[BlackElo "2107"]
[PlyCount "61"]
[EventDate "2023.02.22"]
[EventType "tourn"]
[EventRounds "5"]
[EventCountry "CAN"]

1. c4 c6 2. Nf3 d5 3. e3 Nf6 4. Nc3 e6 5. Qc2 Bd6 6. b3 O-O 7. Bb2 e5 8. Be2
Na6 9. a3 Bg4 10. b4 d4 11. exd4 exd4 12. Nxd4 c5 13. bxc5 Nxc5 14. Nf3 Re8 15.
O-O Nh5 16. d4 Ne6 17. Nd5 Nef4 18. Nxf4 Nxf4 19. Bd1 Re6 20. Ne5 Bxd1 21.
Raxd1 Rh6 22. g3 Bxe5 23. dxe5 Qg5 24. Bc1 Qh5 25. f3 Nh3+ 26. Kh1 Rg6 27. Kg2
Ng5 28. f4 Qh3+ 29. Kg1 Ne6 30. f5 Rxg3+ 31. hxg3 1-0

[Event "Mercredi 2023.02.22 ABCD"]
[Site "Montreal CAN"]
[Date "2023.03.15"]
[Round "4"]
[White "Batorshyn, Ilia"]
[Black "Rodrigue-Lemieux, Shawn"]
[Result "0-1"]
[WhiteElo "2161"]
[BlackElo "2530"]
[PlyCount "84"]
[EventDate "2023.02.22"]
[EventType "tourn"]
[EventRounds "5"]
[EventCountry "CAN"]

1. e4 c5 2. Nf3 Nc6 3. Bb5 e6 4. Bxc6 bxc6 5. d3 f6 6. Nbd2 e5 7. Qe2 Ne7 8. h4
h5 9. Nf1 d6 10. Ne3 Be6 11. b3 g6 12. Bb2 Bg7 13. O-O Bg4 14. c3 f5 15. g3 f4
16. Nxg4 hxg4 17. Ng5 f3 18. Qc2 Bf6 19. Bc1 Rh5 20. Rd1 Bxg5 21. Bxg5 Rxg5 22.
hxg5 Kf7 23. Kf1 Qh8 24. Ke1 Qh2 25. Kd2 Qxf2+ 26. Kc1 Qxg3 27. Kb2 Kg7 28. Rg1
Qf4 29. Qf2 Rh8 30. Rg3 Qxg5 31. Rag1 Qf4 32. Ka3 Rh4 33. R3g2 g5 34. Rg3 Ng8
35. b4 Nf6 36. bxc5 d5 37. exd5 Nxd5 38. c4 Qe3 39. Qb2 Qxd3+ 40. Qb3 Qxb3+ 41.
Kxb3 Ne3 42. Rb1 Rh3 0-1

[Event "Mercredi 2023.02.22 ABCD"]
[Site "Montreal CAN"]
[Date "2023.03.22"]
[Round "5"]
[White "Rodrigue-Lemieux, Shawn"]
[Black "Genzling, Jerome"]
[Result "1-0"]
[WhiteElo "2530"]
[BlackElo "2052"]
[PlyCount "131"]
[EventDate "2023.02.22"]
[EventType "tourn"]
[EventRounds "5"]
[EventCountry "CAN"]

1. d4 d5 2. Nf3 e6 3. e3 Nf6 4. Bd3 Bd6 5. O-O O-O 6. b3 a5 7. a3 b6 8. c4 Nbd7
9. Nc3 Ba6 10. Qc2 Rc8 11. cxd5 Bxd3 12. Qxd3 exd5 13. Nb5 Ne4 14. Nxd6 Nxd6
15. a4 Re8 16. Ba3 Ne4 17. Rac1 Re6 18. Rc2 h5 19. Rfc1 h4 20. h3 c6 21. Qb5
Qf6 22. Qa6 Rc7 23. Ne1 g5 24. Nd3 Kh7 25. b4 axb4 26. Nxb4 Qf5 27. Qe2 Nb8 28.
Qf3 Rf6 29. Qxf5+ Rxf5 30. f3 Ng3 31. Nd3 Rf6 32. Bb4 Ra7 33. Ra1 Re6 34. Kf2
Na6 35. Bd2 Rc7 36. a5 b5 37. Nb4 Nxb4 38. Bxb4 Ra7 39. a6 c5 40. dxc5 Rc6 41.
Ra5 Nf5 42. Rca2 d4 43. exd4 Nxd4 44. Ke3 Ne6 45. Rxb5 Raxa6 46. Rxa6 Rxa6 47.
Ba5 Kg6 48. Ke4 Kf6 49. Kd5 Nf4+ 50. Kc4 Ne6 51. Bc3+ Ke7 52. Rb7+ Ke8 53. Rb6
Ra2 54. c6 Kd8 55. Rb7 Rxg2 56. Rxf7 Kc8 57. Re7 Re2 58. Ba5 Rc2+ 59. Kd5 Nf4+
60. Kd6 Re2 61. Ra7 Re6+ 62. Kc5 Kb8 63. Bb6 Nd3+ 64. Kb5 Re5+ 65. Kc4 Nb2+ 66.
Kd4 1-0

[Event "Cannes op"]
[Site "Cannes FRA"]
[Date "2023.02.24"]
[Round "7.4"]
[White "Nikolov, Momchil"]
[Black "Rodrigue-Lemieux, Shawn"]
[Result "1-0"]
[WhiteElo "2480"]
[BlackElo "2457"]
[PlyCount "97"]
[EventDate "2023.02.20"]
[EventType "swiss"]
[EventRounds "9"]
[EventCountry "FRA"]
[Source "ChessMix"]
[SourceDate "2023.03.01"]

1. d4 Nf6 2. c4 e6 3. Nf3 d5 4. Nc3 Bb4 5. cxd5 exd5 6. Bg5 h6 7. Bxf6 Qxf6 8.
Qa4+ Nc6 9. e3 O-O 10. Rc1 Qg6 11. Qd1 Rd8 12. h3 Be6 13. Bd3 Qf6 14. a3 Bf8
15. O-O a6 16. Na4 Bd6 17. Nc5 Bc8 18. Re1 b6 19. Na4 Ne7 20. Nc3 Bb7 21. b4 c5
22. bxc5 bxc5 23. Rb1 Rab8 24. a4 c4 25. e4 Bc7 26. e5 Qe6 27. Bc2 Ba5 28. Qd2
Bc6 29. Nh4 Qd7 30. Ra1 Qb7 31. Ra2 Bd7 32. Re3 g5 33. Rf3 Kg7 34. Rf6 Ng8 35.
Nf5+ Bxf5 36. Rxf5 Ne7 37. Rf6 Qb4 38. Qe2 Ng8 39. Qf3 Qb7 40. Rb2 Qa7 41. Rxb8
Rxb8 42. Nxd5 Bd8 43. Qe4 Qb7 44. Rf3 Kf8 45. e6 f6 46. Qf5 Qg7 47. Ne3 Rc8 48.
d5 Qc7 49. Qg6 1-0